Investigacin̤ de mercados

Detalles Bibliográficos
Autor principal: Prieto Herrera, Jorge Eličer
Formato: eBook
Lenguaje:español
Publicado: Bogot ̀: ECOE, 2009
Materias:
Acceso en línea:http://www.vlex.com/source/7673

MARC

LEADER 00000nam a22000007a 4500
005 20130327125137.0
007 cr|||| ||||
008 130327e2009 ck |||||s|||| 00||0 spa d
020 |a 978-958-648-620-0 
035 |a 7673 
040 |a vLex 
090 |c 4051  |d 4051 
100 1 0 |a Prieto Herrera, Jorge Eličer  
245 1 0 |a Investigacin̤ de mercados  |c / Jorge Eličer Prieto Herrera   |h [Recurso electrn̤ico]  
256 |a Servicio en ln̕ea 
260 |a Bogot ̀:  |b ECOE,   |c 2009  
300 |a 1 Recurso electrn̤ico 
506 |d vLex Global  |d vLex Global (Academic Edition, excluding Law Schools)  |d vLex Global (U.S. Academic Edition, Law Schools)  |d vLex Global (U.S. Academic Edition, excluding Law Schools)  |d vLex Global (Academic Edition, Law Schools) 
650 0 4 |a Administracin̤ (Management) 
650 0 4 |a Marketing 
650 0 4 |a Comercio 
650 0 4 |a Publicidad 
740 |a vLex Libros (Servicio en ln̕ea) 
856 |a Acceso restringido  |u http://www.vlex.com/source/7673 
942 |c BOOK 
999 0 |a Marketing